000 00685nas a2200241 4500
001 BR9504530
003 BR-BrBNA
005 20231205094422.0
007 ta
008 230509b bl.|||p| |||| 00| 00por d
040 _aBR-BrBNA
_bpor
_cBiblioteca Nacional de Agricultura
041 _a(Pt)
072 _aN20; T01
100 1 _aFernandes, J.C.
100 1 _aLancas, K.P.
245 1 _aNiveis de ruido em tratores agricolas nacionais
650 _aTrator
650 _aRuido
650 _aPoluicao Sonora
773 0 _tEnergia na Agricultura (Brazil)
_xISSN 0102-9169
_g(1992), v. 7(1) p. 12-16
_wBR9504530
909 _a202311
_bLúcia
_c55
_dLúcia Elande
942 _2AGRIS
_n0
_cANA
999 _c144184
_d144184